01323 2200229 4500001002100000005001500021035002000036007000300056008004100059020002200100082001000122084001600132100002400148245001800172250001100190260004400201300003500245650001000280650001200290520077400302990001701076INLIS00000000000225520260422104825 a0010-0426000012ta260422 g f ind  a978-602-7742-13-0 a82-31 a82-31 IND p0 aIndra Andriana, Lia1 aPaper Romance aCet. 1 aJakarta Selatan :bPenerbit Haru,c2013 a376 hlm :bilus. ;c13 x 19 cm 4aNOVEL 4aROMANCE aPaper Romance adalah novel komedi romantis (rom-com) yang memadukan premis benci-jadi-cinta (enemies-to-lovers) dengan dinamika kehidupan seorang figur publik dan pekerja kantoran biasa. Melalui novel ini, Lia Indra Andriana menyajikan kisah yang manis dan ringan, namun tetap menyisipkan pesan moral yang kuat tentang rasa bersalah, pemaafan, dan kesempatan kedua. Lia Indra Andriana mengemas cerita ini dengan alur yang mengalir enjoyable dan tidak bertele-tele. Nuansa komedinya terasa pas lewat dialog yang witty dan interaksi antartokoh yang natural. Berbeda dengan lini Penerbit Haru yang biasanya kental dengan nuansa Korea atau Jepang, Paper Romance mengambil latar kuat di Indonesia dengan tetap mempertahankan desain sampul (cover) yang segar dan ilustratif. a4039/BBPP/26